Robert Mathieu (Record no. 42535)

MARC details
000 -LEADER
fixed length control field 00411nam a2200181Ia 4500
020 ## - INTERNATIONAL STANDARD BOOK NUMBER
ISBN 9788836651924
050 ## - CALL MARK
Classification number NK 2115.5 .L5 .C85/
100 ## - STATEMENT OF RESPONSIBILITY--MAIN AUTHOR NAME
Personal name Cuisinier, Pascal
245 #0 - TITLE STATEMENT
Title Robert Mathieu
260 ## - PUBLICATION, DISTRIBUTION, ETC. (IMPRINT)
Place of publication Milano
260 ## - PUBLICATION, DISTRIBUTION, ETC. (IMPRINT)
Name of publisher Silvana editoriale
260 ## - PUBLICATION, DISTRIBUTION, ETC. (IMPRINT)
Year of publication 2023
300 ## - PHYSICAL DESCRIPTION
Number of Pages 289 p
650 ## - SUBJECT ADDED ENTRY--TOPICAL TERM
Topical Term Milano
942 ## - ADDED ENTRY ELEMENTS (KOHA)
Koha item type Books
Holdings
Withdrawn status Lost status Source of classification or shelving scheme Damaged status Not for loan Permanent Location Current Location Shelving location Date acquired Accession Number Price effective from Koha item type
    Library of Congress Classification     NILE UNIVERSITY OF NIGERIA - MAIN LIBRARY NILE UNIVERSITY OF NIGERIA - MAIN LIBRARY Items on shelf 06/03/2025 0196145 06/03/2025 Books
    Library of Congress Classification     NILE UNIVERSITY OF NIGERIA - MAIN LIBRARY NILE UNIVERSITY OF NIGERIA - MAIN LIBRARY Items on shelf 06/03/2025 0196146 06/03/2025 Books